Hamilton Songs by Emojis - Statistics

General Stats
  • This quiz has been taken 524 times
  • The average score is 8 of 14
Answer Stats
Hint Answer % Correct
πŸ”«πŸ”«πŸš’πŸ›³ Guns and Ships
89%
πŸ—³1️⃣8️⃣0️⃣0️⃣ The Election of 1800
82%
πŸ§πŸ»β€β™€οΈπŸ§πŸ½β€β™€οΈπŸ§πŸΎβ€β™€οΈ The Schuyler Sisters
78%
πŸŒŽπŸ‘‡πŸ”ƒ Yorktown (The World Turned Upside Down)
77%
πŸŒ€πŸ’¨ Hurricane
65%
β„οΈβ›„οΈβš½οΈ A Winter's Ball
64%
πŸ€πŸ”πŸŒ† It's Quiet Uptown
45%
πŸ“šπŸ‘€πŸ™‹β€β™‚οΈ History has its eyes on you
44%
🚫⏹ Non-Stop
44%
πŸ†Ž Aaron Burr, Sir
39%
πŸ‘‰πŸ‘‹πŸ‘¨ Right Hand Man
38%
πŸ—£πŸ‘Ž Say No to This
38%
πŸ‘πŸ‘°β€β™€οΈπŸ‘πŸ‘©πŸ‘© Best of Wives and Best of Women
25%
πŸ“šπŸŒƒ The Story of Tonight
25%
No matching quizzes found
Score Distribution
Percent of People with Each Score
Percentile by Number Answered
Your Score History
You have not taken this quiz